IC/G (Record no. 104576)

MARC details
000 -LEADER
fixed length control field 01834cam a2200313 4500
001 - CONTROL NUMBER
control field ##L130773
008 - FIXED-LENGTH DATA ELEMENTS--GENERAL INFORMATION
fixed length control field 050825n2005 000 0 eng u
020 ## - INTERNATIONAL STANDARD BOOK NUMBER
International Standard Book Number 0418827001
035 ## - SYSTEM CONTROL NUMBER
System control number (Sirsi) u130773
041 0# - LANGUAGE CODE
Language code of text/sound track or separate title eng
050 04 - LIBRARY OF CONGRESS CALL NUMBER
Classification number 692.8 $2 18
110 2# - MAIN ENTRY--CORPORATE NAME
Corporate name or jurisdiction name as entry element Joint Contracts Tribunal
9 (RLIN) 3664
240 00 - UNIFORM TITLE
Uniform title IC/G 05
245 00 - TITLE STATEMENT
Title IC/G
Remainder of title Intermediate Building Contract Guide 2005
260 ## - PUBLICATION, DISTRIBUTION, ETC.
Place of publication, distribution, etc. London
Name of publisher, distributor, etc. Sweet and Maxwell
Date of publication, distribution, etc. 2005
300 ## - PHYSICAL DESCRIPTION
Extent ii, 24p.
Dimensions 30cm.
350 ## - PRICE (NR) (BK AM CF MU VM SE) [OBSOLETE]
Price 15.95
490 ## - SERIES STATEMENT
Series statement JCT Intermediate Building Contract Guide (2005 Edition)
505 2# - FORMATTED CONTENTS NOTE
Formatted contents note Part 1: changes from the Intermediate Form of Building Contract 1998 -- Characteristics -- Principle changes -- Origins and destinations -- Additional publications
505 2# - FORMATTED CONTENTS NOTE
Formatted contents note Part 2: guide to the main provisions -- Attestation -- The contract documents and priced document -- Contractor's design obligations -- CDM regulations -- Possession -- Construction information -- Extensions of time -- Defects and deductions -- Testing -- Payment -- Fluctuations -- Variations and provisional sums -- Insurance, terrorism cover and joint fire code -- Collateral warranties -- Termination -- Settlement of disputes -- Names subcontractors
520 ## - SUMMARY, ETC.
Summary, etc. Provides a guide to both the JCT Intermediate Building Contract (2005 Edition) and the JCT Intermediate Building Contract With Contractor's Design (2005 Edition).
520 ## - SUMMARY, ETC.
Summary, etc. Supersedes JCT Intermediate Form of Building Contract 1998 Guidance Note (J121066).
650 24 - SUBJECT ADDED ENTRY--TOPICAL TERM
Topical term or geographic name entry element JCT INTERMEDIATE BUILDING CONTRACT (2005 EDITION)
650 24 - SUBJECT ADDED ENTRY--TOPICAL TERM
Topical term or geographic name entry element JCT INTERMEDIATE BUILDING CONTRACT WITH CONTRACTOR'S DESIGN (2005 EDITION)
651 #4 - SUBJECT ADDED ENTRY--GEOGRAPHIC NAME
Geographic name United Kingdom
Chronological subdivision
690 ## - LOCAL SUBJECT ADDED ENTRY--TOPICAL TERM (OCLC, RLIN)
Topical term or geographic name as entry element BUILT ENVIRONMENT-BUILDING CONTRACT FORMS-STANDARD FORMS OF BUILDING CONTRACT-JOINT CONTRACTS TRIBUNAL CONTRACTS
942 ## - ADDED ENTRY ELEMENTS (KOHA)
Suppress in OPAC 0
Holdings
Withdrawn status Lost status Source of classification or shelving scheme Damaged status Not for loan Home library Current library Shelving location Date acquired Cost, normal purchase price Total Checkouts Full call number Barcode Date last seen Copy number Cost, replacement price Price effective from Koha item type Date last checked out
    Dewey Decimal Classification     London London Boxed set 24/11/2005 15.95   JCT 2005/6 30071388 06/08/2019 1 15.95 06/08/2019 Reference material  
    Dewey Decimal Classification     London London Boxed set 09/05/2006 15.95 15 JCT 2005/6 30071462 06/08/2019 2 15.95 06/08/2019 Book 07/08/2009